<?xml version="1.0" encoding="UTF-8"?>
<record
    xmlns:xsi="http://www.w3.org/2001/XMLSchema-instance"
    xsi:schemaLocation="http://www.loc.gov/MARC21/slim http://www.loc.gov/standards/marcxml/schema/MARC21slim.xsd"
    xmlns="http://www.loc.gov/MARC21/slim">

  <leader>00660nam a2200181   4500</leader>
  <controlfield tag="003">LK-CoMWRAF</controlfield>
  <controlfield tag="005">20231213180252.0</controlfield>
  <controlfield tag="008">231213b        |||||||| |||| 00| 0 eng d</controlfield>
  <datafield tag="020" ind1=" " ind2=" ">
    <subfield code="a">9789551274450</subfield>
  </datafield>
  <datafield tag="040" ind1=" " ind2=" ">
    <subfield code="a">LK-CoMWRAF</subfield>
    <subfield code="d">LK-CoMWRAF</subfield>
    <subfield code="e">LK-CoMWRAF</subfield>
  </datafield>
  <datafield tag="041" ind1=" " ind2=" ">
    <subfield code="a">sin</subfield>
  </datafield>
  <datafield tag="082" ind1=" " ind2=" ">
    <subfield code="a">322.109</subfield>
    <subfield code="b">DAK</subfield>
  </datafield>
  <datafield tag="245" ind1=" " ind2=" ">
    <subfield code="a">&#xDAF;&#xD9A;&#xDAB;&#xDD4; &#xD86;&#xDC3;&#xDD2;&#xDBA;&#xDCF;&#xDC0;&#xDDA; &#xDB6;&#xDC4;&#xDD4;&#xDAD;&#xDCA;&#xDC0;&#xDCF;&#xDAF;&#xDBA;&#xDDA; &#xDB6;&#xDBD;&#xDBA; &#xDC4;&#xDCF; &#xDC3;&#xDD3;&#xDB8;&#xDCF;</subfield>
  </datafield>
  <datafield tag="246" ind1=" " ind2=" ">
    <subfield code="a">Dakunu asiyawe bahuthwadaye balaya ha seema</subfield>
  </datafield>
  <datafield tag="260" ind1=" " ind2=" ">
    <subfield code="a">&#xD9A;&#xDDC;&#xDC5;&#xDB9; :</subfield>
    <subfield code="b">&#xDC1;&#xDCA;&#x200D;&#xDBB;&#xDD3; &#xDBD;&#xD82;&#xD9A;&#xDCF; &#xDA2;&#xDCF;&#xDAD;&#xDD2;&#xD9A; &#xDC3;&#xDCF;&#xDB8; &#xDB8;&#xDAB;&#xDCA;&#xDA9;&#xDBD;&#xDBA;</subfield>
  </datafield>
  <datafield tag="650" ind1=" " ind2=" ">
    <subfield code="a">&#xDB6;&#xDC4;&#xDD4;&#xDAD;&#xDCA;&#xDC0;&#xDCF;&#xDAF;&#xDBA;--&#xDB6;&#xDBD;&#xDBA; &#xDC4;&#xDCF; &#xDC3;&#xDD3;&#xDB8;&#xDCF;</subfield>
  </datafield>
  <datafield tag="942" ind1=" " ind2=" ">
    <subfield code="c">BK</subfield>
  </datafield>
  <datafield tag="952" ind1=" " ind2=" ">
    <subfield code="0">0</subfield>
    <subfield code="1">0</subfield>
    <subfield code="4">0</subfield>
    <subfield code="7">0</subfield>
    <subfield code="a">MAIN</subfield>
    <subfield code="b">MAIN</subfield>
    <subfield code="d">2023-12-13</subfield>
    <subfield code="l">0</subfield>
    <subfield code="o">322.109 DAK</subfield>
    <subfield code="p">RAF4806</subfield>
    <subfield code="r">2023-12-13</subfield>
    <subfield code="w">2023-12-13</subfield>
    <subfield code="y">BK</subfield>
  </datafield>
  <datafield tag="999" ind1=" " ind2=" ">
    <subfield code="c">4426</subfield>
    <subfield code="d">4426</subfield>
  </datafield>
</record>
